Les buteurs du Real Madrid en Ligue des Champions (2010-) - Statistiques

Statistiques générales
  • Ce quiz a été pris 3 306 fois
  • Le résultat moyen est 21 sur 35
Statistiques - réponses
Joueurs Buts % Correct
Cristiano Ronaldo 98
100%
Karim Benzema 56
100%
Gareth Bale 16
96%
Luka Modric 6
96%
Sergio Ramos 11
96%
Toni Kroos 3
95%
Marcelo 9
91%
Casemiro 6
89%
Daniel Carvajal 1
88%
Raphael Varane 2
86%
Vinicius Junoir 2
84%
Rodrygo Goes 5
79%
Pepe 1
77%
Isco 6
76%
Marco Asensio 6
76%
Angel Di Maria 8
70%
Gonzalo Higuain 6
70%
Mesut Ozil 4
67%
Lucas Vazquez 3
63%
Mariano Diaz 1
58%
Nacho Fernandez 2
58%
Alvaro Morata 4
51%
Eden Hazard 1
51%
James Rodriguez 2
51%
Sami Khedira 1
47%
Jesé Rodriguez 1
46%
Ricardo Kaka 4
45%
Javier Hernandez 1
33%
Alvaro Arbeloa 3
32%
Mateo Kovacic 2
24%
Emmanuel Adebayor 2
21%
José Callejon 7
21%
Borja Mayoral 1
10%
Pedro Leon 1
4%
Alvaro Medran 1
1%
Aucun quiz correspondant
Distribution des résultats
% des personnes avec chaque résultat
Percentile par nombre de réponses
Votre historique - résultats
Vous n’avez pas pris ce quiz